|
|
|
|
| LEADER |
01304nam a2200301 a 4500 |
| 001 |
00017902 |
| 003 |
BD-DhAAL |
| 008 |
090702r20072003enkab b 001 0 eng d |
| 010 |
|
|
|a 99024321
|
| 020 |
|
|
|a 9780750657181
|
| 020 |
|
|
|a 0750657189
|
| 040 |
|
|
|a DLC
|c DLC
|d DLC
|d BD-DhAAL
|
| 082 |
0 |
0 |
|a 711.4
|2 21
|
| 100 |
1 |
|
|a Moughtin, Cliff.
|9 31463
|
| 245 |
0 |
0 |
|a Urban design :
|b method and techniques /
|c Cliff Moughtin ... [et al.].
|
| 260 |
|
|
|a Oxford, [England] ;
|a Boston :
|b Architectural Press,
|c 2003.[reprinted 2003]
|
| 300 |
|
|
|a x, 195 p. :
|b ill., maps ;
|c 21 cm.
|
| 504 |
|
|
|a Includes bibliographical references and index.
|
| 526 |
|
|
|a ARC
|x Sayem Khan
Faculty members of the Department of Architecture
|
| 541 |
1 |
|
|e 00017902
|a D. S. Books International
|
| 650 |
|
0 |
|a City planning.
|9 31464
|
| 700 |
1 |
|
|a Cuesta, Rafael
|9 31465
|
| 700 |
1 |
|
|a Sarris, Christine
|9 31466
|
| 700 |
1 |
|
|a Signoretta, Paola
|9 31467
|
| 852 |
4 |
|
|a Ayesha Abed Library
|c General Stacks
|
| 942 |
|
|
|2 ddc
|c BK
|
| 999 |
|
|
|c 2172
|d 2172
|
| 952 |
|
|
|0 0
|1 0
|2 ddc
|4 0
|6 711_400000000000000_MOU_2007
|7 0
|9 2002
|a BRACUL
|b BRACUL
|c GEN
|d 2009-07-08
|e D. S. Books International
|g 5604.00
|l 15
|m 160
|o 711.4 MOU
|p 3010017902
|r 2026-03-01
|s 2025-07-20
|t 1
|w 2009-07-08
|y BK
|x Requisitioned by Sayem Khan (Faculty members of the Department of Architecture) ; USD 50.95
|